000 01555nam0a2200349 4500
001 RU\NLR\bibl\564405
005 20260405063439.0
010 _a5-93614-003-2
_91000
035 _a(NLR Aleph) 000556505
090 _a1505320
_c1505320
100 _a20041019d2000 |||y0rusy50 ca
101 0 _arus
102 _aRU
105 _aa |||||||||
200 1 _aДело жизни судебного следователя Николая Соколова
_e[О гибели царской семьи в Екатеринбурге]
_fА.Н. Авдонин
210 _aЕкатеринбург
_cЯВА
_d2000
215 _a87 с.
_cил., портр., факс.
_d20
300 _aВ предисл. авт.: А.Н. Авдонин, д.г.-м.н.
320 _aБиблиогр. в примеч.: с. 79-86
600 1 _aСоколов
_bН.А.
_f1882 - 1924
_gНиколай Алексеевич
_92351896
_3RU\NLR\auth\661405040
600 1 _aСоколов
_bН. А.
_f1882-1924
_gНиколай Алексеевич
_2psbo
602 _aРомановы (династия)
_f1613 -
_2psbo
606 0 _aЦарская семья
_xУбийство
_xРасследование
_z1918 - 1919
_92351951
_3RU\NLR\auth\661405073
686 _aХ891.9(2)931
686 _aХ2(2)712-62
700 1 _4070
_8rus
_7ca
_aАвдонин
_bА.Н.
_gАлександр Николаевич
_3RU\NLR\auth\7721919
_94980
801 0 _aRU
_bNLR
_c20041019
_gPSBO
801 1 _aRU
_bNLR
_c20041019
830 _aперс. по кн.
942 _cBOOK
980 _aNB